| 000 | 00492nam a22001697a 4500 | ||
|---|---|---|---|
| 008 | 230605b |||||||| |||| 00| 0 eng d | ||
| 020 | _a817169103X | ||
| 040 |
_aNational Science Library _cNational Science Library |
||
| 080 |
_a61:364.444(091) _bN1 |
||
| 100 |
_aRaina, B L _910889 |
||
| 245 |
_aHealth science: _bMarch through centuries |
||
| 260 |
_aNew Delhi: _bCommonwealth Publishers, _c1991 |
||
| 300 | _axxvi, 304p. | ||
| 650 | _aScience | ||
| 653 | _aMedicine | ||
| 942 |
_2udc _cBK |
||
| 999 |
_c39355 _d39355 |
||